Nueva práctica judicial canónica
שמור ב:
| מחבר ראשי: | |
|---|---|
| פורמט: | ספר |
| שפה: | ספרדית |
| יצא לאור: |
Alicante
Virgen Lirios
1983
|
| נושאים: | |
| תגים: |
הוספת תג
אין תגיות, היה/י הראשונ/ה לתייג את הרשומה!
|
MARC
| LEADER | 00000nam a2200000 a 4500 | ||
|---|---|---|---|
| 001 | UCV2950 | ||
| 003 | CL-VaPUC | ||
| 008 | 930112e19830000SP |||||||||||||||||spa|d | ||
| 082 | 0 | 4 | |a 262.94 |b LAZ |2 21 |
| 100 | |a Lázaro Benítez, Cecilio |e author |9 469354 | ||
| 245 | 1 | 0 | |a Nueva práctica judicial canónica |
| 300 | |a 161 p | ||
| 942 | |c BK | ||
| 945 | |d 19930112 00:00:00 | ||
| 260 | |a Alicante |b Virgen Lirios |c 1983 | ||
| 650 | 7 | |a DERECHO CANONICO |2 CL-VaPUC |9 297251 | |
| 583 | |a last modification |c 19930112 00:00:00 |k Rodrigo Vera | ||
| 999 | |c 210382 |d 210380 | ||
| 952 | |0 0 |1 0 |4 0 |6 262_940000000000000_LAZ_1983 |7 0 |8 A |9 186566 |a BIBDER |b BIBDER |d 2019-11-14 |i 2540762 |o 262.94 LAZ 1983 |p 2540762 |r 2023-01-25 |w 2019-11-14 |y BK |k DER | ||